000 00732cam a2200253 a 4500
001 2843098
003 OSt
005 20180116183021.0
008 840116s1984 nyu 000 1 eng
010 _a 84040057
020 _a039453929X
040 _aDLC
_cDLC
_dDLC
_dOCoLC
_dDLC
050 0 0 _aPS3562.U752
_bM5 1984
082 0 0 _a813.54 LUS 1985
_219
100 1 _aLustbader, Eric.
245 1 4 _aThe Miko
_cEric Van Lustbader.
260 _aNew York :
_bVillard Books,
_c1984.
300 _a704 p. ;
_c24 cm.
500 _aSequel to: Ninja.
650 0 _aLinnear, Nicholas (Fictitious character)
_xFiction.
655 7 _aAdventure stories.
_2gsafd
906 _a7
_bcbc
_corignew
_d1
_eocip
_f19
_gy-gencatlg
942 _2ddc
_cBK
999 _c350581
_d350581